Detection of Heart Failure Using Ontologies
Saved in:
| Main Author: | |
|---|---|
| Other Authors: | |
| Format: | Manuscript Book |
| Language: | Slovak English |
| Published: |
2016
|
| Subjects: | |
| Online Access: | http://is.stuba.sk/zp/portal_zp.pl?podrobnosti=120681 |
| Tags: |
No Tags, Be the first to tag this record!
|
MARC
| LEADER | 00000ntm a22000003a 4500 | ||
|---|---|---|---|
| 001 | stuzp55620 | ||
| 003 | SK-STU | ||
| 005 | 20160809112545.7 | ||
| 007 | ta | ||
| 008 | 150427s2015----xo-----f-mn---000-0-slo-d | ||
| 040 | |a STU |b slo | ||
| 041 | 0 | |a eng | |
| 044 | |a xo | ||
| 100 | 1 | |a Potapov, Oleksii |u 035000 |k Z4 |4 aut |U FEI Fakulta elektrotechniky a informatiky |T FEI Ústav informatiky a matematiky |X 77327 |U E050 |Y 816 |7 77327 | |
| 242 | 0 | 1 | |a Detekcia zlyhania srdca pomocou ontologie |y slo |
| 245 | 1 | 0 | |a Detection of Heart Failure Using Ontologies |
| 260 | |c 2016 | ||
| 300 | |a 57 s., |b CD-ROM | ||
| 650 | 4 | |a ApacheJena |2 slo | |
| 650 | 4 | |a Protege |2 slo | |
| 650 | 4 | |a OWL |2 slo | |
| 650 | 4 | |a Ontologie |2 slo | |
| 650 | 4 | |a OWL |2 eng | |
| 650 | 4 | |a Protege |2 eng | |
| 650 | 4 | |a Ontology |2 eng | |
| 650 | 4 | |a Apache Jena |2 eng | |
| 700 | 1 | |a Lehocki, Fedor |u 031000 |k Z1 |4 ths |U FEI Fakulta elektrotechniky a informatiky |T FEI Ústav robotiky a kybernetiky |X 1888 |U E011 |Y 356 |7 000001888 | |
| 856 | 4 | |u http://is.stuba.sk/zp/portal_zp.pl?podrobnosti=120681 | |
| 996 | |b 284EP11477 |c E*DIPL- 11477 |l EE35 |s P |a 0 |w stuzp55620_0001 | ||
| SQL | |a stuzp55620 |b DDP |c ENG |d Detection of Heart Failure Using Ontologies |e 77327 |f Potapov, Oleksii |g 035000 |h 1888 |i Lehocki, Fedor |j 20160615 |k 359 |l 03 |m http://is.stuba.sk/zp/portal_zp.pl?podrobnosti=120681 |n I-API |o 9.2.9. aplikovaná informatika | ||